000 00872nam a2200241Ii 4500
003 JO-AjNU
008 230605s9999||||xx |||||||||||||| ||und||
017 _a2008/7261
020 _a978-99901-38-23-8
040 _aJO-AjNU
_bara
_erda
_cJO-AjNU
041 _aara
050 1 4 _aK5018.B37.2008
100 3 _a البطراوي ، عبد الوهاب عمر ,
_eauthor
_953137
245 0 0 _aالوجيز في قانون العقوبات البحريني : القسم العام
250 _aط1
264 3 1 _aمملكة البحرين : جامعة العلوم التطبيقية ، 2008
300 _a238ص
336 _atext
_btxt
_2rdacontent
337 _aunmediated
_bn
_2rdamedia
338 _avolume
_bnc
_2rdacarrier
490 0 _aسلسلة الكتب القانونية (13)
650 4 _aقانون العقوبات -- مملكة البحرين
_953138
999 _aA23581
_c27149
_d27149